| 000 | 00889nam a2200289 i 4500 | ||
|---|---|---|---|
| 001 | 000030198 | ||
| 003 | DO-SdBNP | ||
| 005 | 20251111103642.0 | ||
| 007 | ta | ||
| 008 | 110504s1977 dr ad 001 0 spa d | ||
| 040 |
_aDO-SdBNP _bspa _cBNPHU _erda |
||
| 041 | _aspa | ||
| 082 | 4 |
_axxx _bT938 _222 |
|
| 100 | _956903 | ||
| 245 |
_aEl turismo y su financiación en España, Caribe y Centro América / _cAsociación Latinoamericana de Instituciones Financieras de Desarrollo |
||
| 250 | _aDecima edición corregida y ampliada | ||
| 264 |
_aSanto Domingo : _bBanco Central de la República Dominicana, _c1977 |
||
| 300 |
_a330 páginas ; _c26 cm. |
||
| 336 |
_ardacontent _btexto _2txt |
||
| 337 |
_ardamedia _bsin mediación _2n |
||
| 338 |
_ardacarrier _bvolumen _2nc |
||
| 590 | _aInventariado,2025/DG | ||
| 650 | _956904 | ||
| 650 | _956905 | ||
| 910 | _aDG | ||
| 942 |
_2ddc _cLBS1 |
||
| 999 |
_c60027 _d60027 |
||